| 000 | 00356nam a22001457a 4500 | ||
|---|---|---|---|
| 008 | 230317b ||||| |||| 00| 0 eng d | ||
| 020 | _a9781581102833 | ||
| 041 | _aeng | ||
| 080 |
_23RD EDITION _a610.73 |
||
| 082 | _a610.73NEW | ||
| 100 | _a7 | ||
| 101 | _aINFER | ||
| 245 |
_aCLINICAL APPLICATION OF NURSING DIAGNOSIS _cNEWFIELD.A.S |
||
| 942 |
_2udc _cBK |
||
| 999 |
_c59373 _d59373 |
||